00319cam a22000977a 4500008004000000082001600040245007100056260004800127300000900175700003700184180718b1975 xxu||||| |||| 00| 0 eng d aR11x42 Un30 aOccupations and conditions of workcby British Information Service aLondonbCentral Office Of Informationc1975 a62p. aU.K. British Information Service